000 00647nam a2200241 i 4500
001 000033216
003 DO-SdBNP
005 20240925131637.0
007 ta
008 110822s1940 dr 000 0 spa d
040 _aDO-SdBNP
_bspa
_cBNPHU
_erda
041 1 7 _aeng
049 _aBNPD
082 4 _222
100 1 _aFiallo, Fabio,
_d1866-1942
_934816
245 1 0 _aThe crime of Wilson in Santo Domingo /
_cFabio Fiallo.
264 _aHabana :
_bArellano,
_c1940.
300 _a132 páginas ;
_c17 cm.
336 _2rdacontent
_atexto
_btxt
337 _2rdamedia
_asin mediación
_bn
338 _2rdacarrier
_avolumen
_bnc
942 _2ddc
_cLBS1
999 _c32707
_d32707